000 00526nmm a2200193Ia 4500
008 251105s9999||||xx |||||||||||||||||und||
020 _a9788489846012
041 _aspa
100 _aJames, Henry
245 0 _aLos periódicos
264 _a[Madrid, España] :
_bAlba Editorial,
_c2017
300 _a144 páginas
490 _aAlba Clásica
650 _aNorth American narrative
700 _aJames, Henry
700 1 _a Lorenzo, Guillermo
856 _uhttps://public.digitaliapublishing.com/a/48926
942 _cCF
999 _c67162
_d67162